Norms of language: theoretical and practical aspects

Uloženo v:
Podrobná bibliografie
Hlavní autor: Bartsch, Renate (Autor)
Médium: Kniha
Jazyk:angličtina
Vydáno: Londres Longman 1987
Edice:Longman Linguistics Library
Témata:
Tagy: Přidat tag
Žádné tagy, Buďte první, kdo vytvoří štítek k tomuto záznamu!

MARC

LEADER 00000nam a2200000 a 4500
001 UCO9830
003 CL-VaPUC
008 010309e19870000UK |||||||||||||||||eng|d
082 0 4 |a 410  |b BAR  |2 21 
100 0 |a Bartsch, Renate  |e author  |9 454985 
245 1 0 |a Norms of language: theoretical and practical aspects 
300 |a 348 p 
942 |c BK 
945 |d 20010309 00:00:00  |a cmena 
260 |a Londres  |b Longman  |c 1987 
650 0 |a Lingüística  |9 265068 
650 7 |a TEORIA LINGUISTICA  |2 CL-VaPUC  |9 334835 
650 0 |a Cambio lingüístico  |9 316396 
650 0 |a Normalización  |9 262666 
583 |a last modification  |c 20160921 03:39:29  |k Rodrigo Vera 
490 0 |a Longman Linguistics Library 
999 |c 293853  |d 293851 
952 |0 0  |1 0  |4 0  |6 410_000000000000000_BAR_1987  |7 0  |8 A  |9 345615  |a FDOPOS  |b FDOPOS  |d 2019-11-20  |i 3687015  |o 410 BAR 1987  |p 3687015  |r 2025-01-22  |w 2019-11-20  |y BK  |k MLA